000 00916nam a2200265Ia 4500
003 OSt
005 20221005112059.0
006 a|||||r|||| 00| 0
007 ta
008 221004b |||||||| |||| 00| 0 hin d
024 _a31630
037 _cTextual
040 _aCRL
_cCRL
_bhin
041 _2hin
_ahin
082 _aP15,Cx1,1,2, 152L9
100 _aपतंजलि
245 0 _aमहाभाष्यम्
_b हिन्दी व्याख्या सहितम्
246 _aMahābhāṣhyam: hindī vyākhyā sahitam
260 _aहरियाणा
_bरामलाल कपूर ट्रस्ट प्रेस भारत
_c1979
300 _a834पृ.
_ccm.
490 _vप्रथम भाग
650 _aहिन्दी भाषा
942 _hP15,Cx1,1,2, 152L9
_cTEXL
_2cc
999 _c1023766
_d1023766